[Event "22nd Alekhine Master 2018"]
[Site "Voronezh"]
[Date "2018.06.15"]
[Round "4"]
[White "Cherniaev, Alexander"]
[Black "Kokarev, Dmitry"]
[Result "0-1"]
[WhiteElo "2417"]
[BlackElo "2603"]
[Annotator "TA"]
[PlyCount "98"]
[EventDate "2018.06.21"]
[EventType "swiss"]
[EventCountry "RUS"]
[SourceTitle "playchess.com"]
[Source "ChessBase"]
[SourceQuality "1"]

{[%evp 9,98,27,50,36,63,0,0,-2,0,0,-3,-13,-14,-15,-13,-8,0,9,20,18,29,8,0,18,23,22,19,15,51,52,31,22,65,57,114,116,60,0,0,0,0,-22,-22,-27,82,-16,-16,-19,0,0,0,0,0,0,0,0,0,0,0,0,19,-8,0,-24,-21,-37,-20,-23,-20,-39,-23,-52,-26,-34,-34,-49,-49,-46,-46,-47,-41,-43,-38,-37,0,-45,-45,-45,-34,-34,-30]} 1. e4 g6 2. Nc3 Bg7 3. d4 d6 4. Bc4 a6 5. a4 e6 6. Be3 {B06: Modern Defence} (6. Nf3 Ne7 7. h4 h6 8. Be3 d5 9. Bd3 Nbc6 10. e5 Nb4 11. Ne2 c5 12. c3 Nxd3+ 13. Qxd3 {0-1 (73) Balog,I (2548)-Nenezic,M (2488) Hungary 2017}) 6... b6 7. f4 (7. d5 $14) 7... Bb7 $11 8. Be2 $146 {The position is equal.} ({Predecessor:} 8. Nge2 Nf6 9. Ng3 d5 10. exd5 Nxd5 11. Nxd5 Bxd5 12. Bxd5 Qxd5 13. O-O Nc6 14. c3 {1-0 (35) Mester,G (2419)-Popovics,A (2351) Miskolc 2002}) 8... Nd7 9. Bf3 Ne7 10. e5 Qc8 {[%cal Rd6e5]} 11. Bxb7 Qxb7 12. Qf3 O-O-O {[%cal Rd6e5]} 13. Qe2 Nf5 {[%cal Rd6e5]} 14. Nf3 c5 15. dxc5 dxe5 16. Bf2 exf4 17. cxb6 Nxb6 18. O-O g5 19. Nxg5 Rhg8 20. Nce4 Bd4 21. c3 Bxf2+ ({Black should play} 21... Be3 $14) 22. Rxf2 $16 Nd5 23. b4 (23. Nf3 $14) 23... Nfe3 $11 24. Rc1 Qa7 25. Nxf7 Qxf7 26. Qxa6+ Qb7 {[#]} (26... Kb8 $11) 27. Qxe6+ (27. Nd6+ $1 $16 Rxd6 28. Qxd6) 27... Kb8 28. Nc5 Qe7 29. Qxe7 $1 Nxe7 30. Ne6 Rd1+ 31. Rxd1 Nxd1 32. Rxf4 Nxc3 33. Rh4 Nf5 34. Rxh7 Re8 35. Nf4 Re4 36. g3 (36. Nd3 {keeps more tension.} Nxa4 37. Rh5 Nd4 38. Re5 Rg4 39. Re8+) 36... Rxb4 37. Kg2 Ne4 38. Rh8+ Kb7 39. Kf3 Nf6 {next ...Nd4+ is good for Black.} 40. Rd8 Rxa4 {...Nd4+ is the strong threat.} 41. Rd2 Kc6 42. Ng6 Nd4+ 43. Kg2 $1 Ne4 44. Rb2 Kd5 {Strongly threatening ...Ra3.} 45. Nf4+ Ke5 {Hoping for ...Ra3.} 46. Nd3+ Kd5 47. Nf4+ Kc4 {White must now prevent ...Kc3.Black is slightly better.} 48. Ne2 Nb3 49. Nc1 Nbd2 {Precision: White = 60%, Black = 45%.} ({Don't play} 49... Nxc1 50. Rc2+ Kd4 51. Rxc1 $17) 0-1

[Event "22nd Alekhine Master 2018"]
[Site "Voronezh"]
[Date "2018.06.15"]
[Round "4"]
[White "Anikonov, Dmitry"]
[Black "Volkov, Sergey"]
[Result "1-0"]
[WhiteElo "2394"]
[BlackElo "2580"]
[Annotator "TA"]
[PlyCount "33"]
[EventDate "2018.06.21"]
[EventType "swiss"]
[EventCountry "RUS"]
[SourceTitle "playchess.com"]
[Source "ChessBase"]
[SourceQuality "1"]

{[%evp 17,33,16,56,38,38,35,38,37,37,37,44,10,10,10,18,0,29,31]} 1. d4 d5 2. c4 c6 3. Nf3 Nf6 4. g3 Bf5 5. Nc3 e6 6. Nh4 {D11: Slav Defence: 3 Nf3 sidelines and 3...Nf6 4 e3 Bg4} (6. Qb3 Qc8 7. Bg2 h6 8. O-O Be7 9. Nd2 O-O 10. e4 dxe4 11. Ndxe4 Rd8 12. Be3 Ng4 {0-1 (27) Jakovenko,D (2710)-Mamedyarov,S (2791) Sochi 2017}) 6... Be4 7. f3 Bg6 8. Nxg6 hxg6 9. Qb3 Qd7 {LiveBook: 4 Games} 10. Bg2 c5 11. cxd5 $146 ({Predecessor:} 11. f4 Nc6 12. cxd5 Nxd5 13. dxc5 {0-1 (42) Zhigalko,A (2610)-Codenotti,M (2471) Kavala 2016}) 11... exd5 12. Bg5 {Bxf6 is the strong threat.} Nc6 13. Bxf6 gxf6 14. Nxd5 O-O-O 15. f4 {Hoping for dxc5.} Nxd4 16. Qd3 Qe6 17. e3 $1 1-0

[Event "22nd Alekhine Master 2018"]
[Site "Voronezh"]
[Date "2018.06.16"]
[Round "5"]
[White "Kokarev, Dmitry"]
[Black "Belyakov, Bogdan"]
[Result "1-0"]
[WhiteElo "2603"]
[BlackElo "2490"]
[Annotator "TA"]
[PlyCount "165"]
[EventDate "2018.06.21"]
[EventType "swiss"]
[EventCountry "RUS"]
[SourceTitle "playchess.com"]
[Source "ChessBase"]
[SourceQuality "1"]

{[%evp 9,165,39,45,44,33,35,49,54,53,22,28,33,25,22,22,0,79,73,71,78,82,66,77,59,67,52,65,56,54,35,63,49,81,64,63,61,66,33,46,31,31,14,63,27,35,0,66,0,39,30,14,4,30,30,30,45,58,34,36,36,37,49,126,126,126,116,118,116,211,220,214,213,260,218,243,188,178,196,173,0,172,149,153,149,282,211,211,211,330,277,333,326,352,325,326,324,285,301,375,363,356,356,2105,1814,1839,1487,4602,4442,6006,5655,4594,5572,4507,4507,4431,4449,4442,4436,3162,0,0,0,0,0,0,0,0,0,0,0,1850,1766,29965,29967,29967,29968,29968,29968,29968,29969,29974,29975,29975,29976,29976,29975,29975,29976,29976,29977,29977,29978,29978,29979,29978,29980,29977,29978]} 1. g3 Nf6 2. Bg2 g6 3. e4 {[%cal Be2e4,Be4e5][%mdl 32]} c5 (3... d6 4. d4 Bg7 5. Ne2 Nbd7 6. O-O O-O 7. h3 e5 8. Nbc3 c6 9. a4 b6 10. Be3 Bb7 11. g4 a6 12. Ng3 b5 13. g5 Ne8 14. d5 cxd5 15. Nxd5 Nc7 16. axb5 axb5 17. Rxa8 Bxa8 18. Qe2 Nxd5 19. exd5 Qb8 {1-0 (43) Grischuk,A (2761)-Caruana,F (2770) Moscow 2012}) 4. e5 Ng8 5. Nf3 Nc6 6. O-O {A00: Irregular Openings} Bg7 7. Re1 f6 $146 ({Predecessor:} 7... d6 8. exd6 Qxd6 9. d3 Nf6 10. Bf4 Qd8 11. Ne5 Nxe5 12. Bxe5 {½-½ (41) Yuffa,D (2474)-Belyakov,B (2500) Samara 2015}) 8. exf6 {White is slightly better.} Nxf6 9. c3 O-O 10. d4 cxd4 11. cxd4 d5 12. Nc3 Kh8 (12... Bg4 $11 {keeps the balance.}) 13. h3 $16 Bf5 14. Ne5 Ne4 15. Nxc6 Nxc3 16. bxc3 bxc6 17. Bf4 Qd7 18. Kh2 Rf7 19. a4 a5 20. Ra2 Ra7 21. Rb2 {And now g4 would win.} Rb7 22. Qc1 h5 23. Be5 Kh7 24. Bxg7 Kxg7 25. Ree2 Bd3 26. Re3 Bf5 27. Ree2 Bd3 28. Re3 Bf5 29. Re5 Qc7 30. Ree2 Qd7 31. Rxb7 Qxb7 32. Rb2 $36 {[%mdl 2048] White fights for an advantage.} Qc7 33. c4 e6 34. h4 Kh7 35. Qc3 dxc4 (35... Rg7 $14) 36. Qxc4 Qd6 37. Qc5 Qxc5 38. dxc5 {[%mdl 4096] Endgame KRB-KRB} Rd7 (38... Bd3 $16 {might work better.}) 39. Bxc6 $18 Rd1 40. Rb5 Rc1 41. Rxa5 Kg7 42. Rb5 Bd3 43. Rb3 Bf5 44. Rb5 Bd3 45. Rb4 {Bb5 is the strong threat.} Rxc5 46. Bb5 $1 {[%cal Rb5d3]} Rc3 (46... Bf5 $16 47. a5 Rc7) 47. a5 Bxb5 48. Rxb5 {KR-KR} Rc2 (48... Ra3 $142 49. Kh3 Ra2) 49. Kg1 Rc1+ 50. Kg2 Rc2 51. Kf1 Kf6 52. f4 Ra2 53. Rg5 Kg7 54. Ke1 Kh6 55. Kd1 Ra3 $2 (55... Rg2 56. Kc1 Kg7) 56. Kc2 e5 57. Rxe5 Rxg3 58. a6 Ra3 59. Re6 Kg7 60. Kb2 Ra4 61. Kb3 Rxf4 62. a7 Rf8 63. Ra6 Ra8 {[#]} 64. Kc4 $2 (64. Ra5 $1 $18 Kf7 65. Kc4) 64... g5 $1 $11 65. hxg5 h4 $1 66. Kb5 h3 67. Kb6 {Hoping for Kb7.} h2 68. Ra1 Re8 $1 69. Kc6 {Black must now prevent Kb7.} Kg6 $2 {[%mdl 8192] [#]} (69... Re6+ $11 70. Kc7 (70. Kd7 h1=Q $11) 70... Re7+ 71. Kb8 Re8+ 72. Kc7 Re7+ 73. Kb8 Re8+ 74. Kc7 Re7+) 70. Rh1 $1 $18 {[%cal Rh1h2]} Re6+ 71. Kb5 {White mates.} Re5+ 72. Kb4 Re4+ 73. Kb3 Re3+ 74. Kb2 Re2+ 75. Kb1 Re8 76. Rxh2 Ra8 77. Ra2 Kxg5 78. Kc2 Kf6 79. Kc3 Ke6 80. Kb4 Kd6 81. Kb5 Kc7 82. Ka6 Rh8 83. Rc2+ {Precision: White = 73%, Black = 47%.} 1-0

[Event "22nd Alekhine Master 2018"]
[Site "Voronezh"]
[Date "2018.06.16"]
[Round "5"]
[White "Pridorozhni, Aleksei"]
[Black "Khanin, Semen"]
[Result "1-0"]
[WhiteElo "2589"]
[BlackElo "2485"]
[Annotator "TA"]
[PlyCount "107"]
[EventDate "2018.06.21"]
[EventType "swiss"]
[EventCountry "RUS"]
[SourceTitle "playchess.com"]
[Source "ChessBase"]
[SourceQuality "1"]

{[%evp 12,107,-16,-66,-70,-64,-65,-88,-89,-66,-68,-93,-91,-100,-94,-102,-93,-89,-74,-64,-29,-122,0,0,87,0,45,49,122,26,23,8,91,85,471,35,42,49,68,116,295,294,308,305,225,214,224,207,185,218,318,327,318,318,311,291,438,430,428,426,555,429,1351,940,29996,29997,29997,1064,1062,1061,1006,986,945,920,658,570,718,668,1335,889,1322,1085,883,464,463,450,1460,1445,1443,1397,1245,1249,1249,1249,927,537,523,512]} 1. e4 e5 2. Nf3 Nf6 3. Nxe5 d6 4. Nxf7 Kxf7 5. d4 c5 6. Nc3 {C42: Petroff Defence: 3 Nxe5 and unusual White 3rd moves} (6. dxc5 Nc6 7. Bc4+ Be6 8. Bxe6+ Kxe6 9. O-O Kf7 10. Qe2 Qe8 11. Re1 d5 12. e5 Ne4 13. Nc3 Nxc3 14. bxc3 Qe6 15. Rb1 Rb8 16. Be3 Be7 17. f4 Rhf8 {0-1 (36) Short,N (2663)-Shirov,A (2715) Dubai 2002}) 6... Nc6 7. Bc4+ {LiveBook: 3 Games} d5 $1 {[%cal Rd5c4]} 8. Nxd5 {Black is slightly better.} Be6 9. Bg5 cxd4 10. O-O (10. Qf3 $2 Ne5 $19) 10... Be7 $1 11. Nxe7 (11. Qf3 $2 Ne5 $19) 11... Qxe7 12. Bd3 h6 {[%cal Bh7h6,Bh6h5,Bh5h4][%mdl 32]} 13. Bh4 {f4 would now be nice for White.} g5 14. Bg3 $146 h5 {And now ...h4 would win.} 15. f4 h4 16. Be1 (16. fxg5 $11 hxg3 17. Rxf6+ (17. hxg3 Rag8 $15) 17... Kg7 18. hxg3) 16... Bg4 (16... Ke8 $17 17. fxg5 Ng4) 17. Qd2 $11 gxf4 (17... Kg8 $11) 18. h3 (18. Qxf4 $16 Ne5 19. Bb4 $1 {[%mdl 512]}) 18... Rag8 (18... Bxh3 $5 19. gxh3 Nh5 $11) 19. hxg4 Rxg4 ({Black should try} 19... Ke8 $1 $14) 20. Rxf4 (20. Be2 $1 $16 {[%cal Re2g4]} Rg6 21. Rxf4 (21. Qxf4 h3 $14)) 20... Qd6 21. Rf5 Ne5 (21... h3 $11 {remains equal.} 22. g3 Ke7) 22. Qb4 $36 {[%mdl 2048] White is in control.} Qe6 $2 {[%mdl 8192]} (22... Qxb4 $16 {is more resistant.} 23. Bxb4 Ke6) 23. Qb3 $2 (23. Qxb7+ Kg6 $18) ({Better is} 23. Bd2 $18 Kg8 24. Raf1) 23... Qxb3 $14 24. axb3 Ke6 25. Ra5 (25. Rxa7 Nxe4 26. Rxe5+ Kxe5 $15) 25... Nc6 $2 (25... Nfd7 $16 {is a better defense.}) 26. Bc4+ $18 Ke7 {...h3 is the strong threat.} 27. e5 Nd7 {White must now prevent ...h3.} 28. Rb5 h3 {[#]} 29. g3 $1 (29. Rxb7 hxg2 30. Rxd7+ Kxd7 $19) 29... h2+ 30. Kh1 Re4 (30... Rf8 $142 31. Rxf8 (31. Rxb7 $2 Rxf5 32. e6 Re4 $19) 31... Kxf8 32. Rxb7 Ndxe5) 31. Bd2 {Hoping for Bg5+.} Ncxe5 {[#]} 32. Bb4+ $1 ({Less strong is} 32. Rxb7 Nxc4 33. bxc4 Re2 $18) 32... Ke8 33. Rxb7 a5 (33... Nxc4 {might work better.} 34. bxc4 Rh6 35. Rxa7 Rf6) 34. Bxa5 Nxc4 35. bxc4 Re2 36. Ra7 Rh3 (36... Nb6 $142 37. Rb7 Nd7) 37. Bb4 {Threatening mate with Ra8+.} Rxc2 38. Ra8+ Nb8 39. Rxb8+ (39. Rf8+ $142 Kd7 40. Ra7+ Ke6 41. Re7#) 39... Kd7 {White is clearly winning.} 40. Rf7+ Ke6 41. Re7+ Kf5 42. Rf8+ Kg6 43. Re1 Rxb2 44. Bc5 Rd2 45. Rd8 d3 46. Bb4 Rc2 47. Rxd3 Rxc4 48. Bd2 Kf5 (48... Rc6 $142 49. Rd8 Kf7) 49. Kg2 Kg4 50. Rh1 Re4 51. Be1 Rh7 52. Bf2 Re2 53. Rd4+ Kg5 {If Black can now play ...Rf7 this consolidates a bit.} 54. Rf4 {Precision: White = 62%, Black = 33%.} 1-0

[Event "22nd Alekhine Master 2018"]
[Site "Voronezh"]
[Date "2018.06.16"]
[Round "5"]
[White "Stukopin, Andrey"]
[Black "Kabanov, Nikolai"]
[Result "1-0"]
[WhiteElo "2589"]
[BlackElo "2468"]
[Annotator "TA"]
[PlyCount "117"]
[EventDate "2018.06.21"]
[EventType "swiss"]
[EventCountry "RUS"]
[SourceTitle "playchess.com"]
[Source "ChessBase"]
[SourceQuality "1"]

{[%evp 20,117,22,22,27,18,34,8,43,41,64,69,115,115,115,115,108,71,104,94,91,25,97,97,93,100,116,106,117,114,104,102,102,108,114,101,91,79,92,93,77,38,48,40,109,104,115,114,108,100,147,70,77,77,77,66,64,67,133,120,120,120,120,120,121,121,121,77,77,77,77,77,77,81,122,122,145,145,199,185,322,319,288,303,414,427,417,403,420,425,420,409,325,147,29991,29992,29992,29993,29993,29994]} 1. e4 e5 2. Nf3 Nc6 3. Bc4 Nf6 4. d3 Be7 5. O-O O-O 6. Re1 d6 7. a4 Be6 8. a5 a6 9. Nbd2 Qd7 10. c3 h6 11. Bb3 {LiveBook: 6 Games. C55: Two Knights: 4 d3, 4 d4 exd4 5 e5 and Max Lange Attack} (11. Qb3 Rab8 12. h3 Kh8 13. Nf1 Nh5 14. d4 Bxc4 15. Qxc4 f5 16. dxe5 Nxe5 17. Qe2 Ng6 18. exf5 Rxf5 {½-½ (44) Heberla,B (2558)-Wang,H (2706) Czech Republic 2018}) 11... Bxb3 12. Qxb3 Rab8 13. Nf1 $146 {White is slightly better.} ({Predecessor:} 13. h3 Qe6 14. Qxe6 fxe6 15. Nc4 Nh5 16. Be3 Rbd8 17. Bd2 Rf6 18. b4 Rdf8 {0-1 (77) Jacon,M-Ducolombier,B ICCF email 2010}) 13... Nh5 14. d4 {[%cal Bd3d4,Bd4d5][%mdl 32]} Rfe8 15. d5 Nd8 16. Qd1 Bf8 17. Nh4 g6 18. c4 Kh7 19. Ra3 Nf4 20. Qf3 ({White should play} 20. Ne3 $16) 20... Bg7 (20... b5 $11) 21. g3 $16 Nh3+ 22. Kh1 Qg4 23. Qg2 ({But not} 23. Qxg4 $6 Nxf2+ 24. Kg1 Nxg4 $11) 23... Ng5 24. f3 Qh3 25. Qxh3 Nxh3 26. Kg2 Ng5 27. Rae3 f6 28. f4 exf4 29. gxf4 Ngf7 30. f5 g5 31. Nf3 c5 (31... h5 $14) 32. h3 Ne5 33. Nxe5 Rxe5 34. Ng3 Re7 35. Bd2 ({White should try} 35. e5 $16 Rxe5 36. Bd2) 35... b5 36. axb6 Rxb6 37. Bc3 Nf7 $1 38. Ra1 Reb7 (38... Ne5 $14) 39. Ra5 Kg8 40. Nh5 Ne5 41. Bxe5 fxe5 42. b3 Kf7 43. Ra3 Bf6 44. Kf3 Ra7 45. Ra5 Bd8 46. Kg4 Rb4 47. Ra3 a5 48. Ng3 $1 a4 (48... Rb8 $16 {might work better.}) 49. Kh5 $1 $18 Ra8 (49... Rab7 {was worth a try.}) 50. f6 ({Worse is} 50. Kxh6 g4 $15) 50... Bxf6 51. Nf5 Be7 52. Rf3 Ke8 53. Kxh6 Kd7 54. Nxe7 Kxe7 55. Kg7 {Black must now prevent Rf7+.} Ra6 56. Ra1 (56. Kg6 $18) 56... a3 $2 {[%mdl 8192]} (56... Kd8 $16) 57. Raf1 {White mates.} Kd8 {[#]} 58. Rf7 $1 a2 {[#]} 59. R1f6 $1 {Precision: White = 78%, Black = 30%.} 1-0

[Event "22nd Alekhine Master 2018"]
[Site "Voronezh"]
[Date "2018.06.16"]
[Round "5"]
[White "Timofeev, Artyom"]
[Black "Afanasiev, Nikita"]
[Result "1/2-1/2"]
[WhiteElo "2583"]
[BlackElo "2460"]
[Annotator "TA"]
[PlyCount "89"]
[EventDate "2018.06.21"]
[EventType "swiss"]
[EventCountry "RUS"]
[SourceTitle "playchess.com"]
[Source "ChessBase"]
[SourceQuality "1"]

{[%evp 13,89,41,41,31,53,58,101,66,75,86,85,68,75,44,77,76,73,76,82,77,78,77,91,88,86,88,109,114,128,88,88,88,88,88,88,88,88,88,88,88,88,88,88,88,88,88,89,89,91,88,91,88,88,88,88,88,117,117,117,117,117,47,47,47,60,47,57,25,14,17,47,47,47,47,47,47,47,0]} 1. e4 d5 2. exd5 Qxd5 3. Nc3 Qd6 4. Nf3 Nf6 5. d4 {[%cal Bd2d4,Bd4d5][%mdl 32]} a6 6. Bg5 {B01: Scandinavian Defence} (6. Bd3 Bg4 7. h3 Bh5 8. O-O Nc6 9. Ne4 Nxe4 10. Bxe4 e6 11. c3 Bg6 12. Bxc6+ Qxc6 13. Ne5 Qb6 {1-0 (58) Anand,V (2767)-Demidov,M (2523) chess.com INT 2018}) 6... Bg4 7. h3 Bh5 {LiveBook: 6 Games} 8. Be2 Nc6 {[%cal Bb8c6,Bc6a7,Ba7b5][%mdl 32]} 9. d5 $146 ({Predecessor:} 9. O-O O-O-O 10. Bxf6 gxf6 11. Ne4 Qf4 12. Nc5 Nxd4 13. Nxd4 Rxd4 {0-1 (31) Mikulas,D (2134)-Bacak,P (2050) Brno 2010}) 9... Na7 10. Qd4 Bxf3 $1 11. Bxf3 e5 12. Qe3 Nb5 13. O-O-O Be7 14. Rhe1 O-O 15. Qxe5 Qxe5 16. Rxe5 Nxc3 17. bxc3 Ba3+ 18. Kd2 Nd7 19. Re2 Rfe8 20. Rb1 Nb6 21. Bf4 Bd6 22. Bxd6 Nc4+ 23. Kd3 Nxd6 24. c4 {[#] c5 is the strong threat.} Rxe2 25. Bxe2 $16 {[%mdl 4096] Endgame aiming for c5. KRB-KRN} b6 26. Kd4 {Threatens to win with c5.} Nb7 27. Bd3 Nc5 28. Re1 Rd8 29. g4 h6 30. h4 {[%cal Bh3h4,Bh4h5][%mdl 32]} Kf8 31. h5 Rd6 32. f4 Ne6+ 33. Ke3 Nc5 34. g5 Ke7 35. Kd4+ Kf8 36. Bf5 Rd8 37. gxh6 (37. Re5 $16) 37... gxh6 $14 38. Rg1 Rd6 39. Ke5 Rd8 40. Bh7 {[#] Hoping for Rg8+.} Re8+ 41. Kd4 Nd7 42. Bd3 {White is slightly better.} Nc5 43. a3 Rd8 44. Bh7 Ke7 45. Bd3 {Precision: White = 60%, Black = 73%.} 1/2-1/2

[Event "22nd Alekhine Master 2018"]
[Site "Voronezh"]
[Date "2018.06.16"]
[Round "5"]
[White "Bocharov, Dmitry"]
[Black "Ulko, Jaroslav"]
[Result "1/2-1/2"]
[WhiteElo "2576"]
[BlackElo "2442"]
[Annotator "TA"]
[PlyCount "46"]
[EventDate "2018.06.21"]
[EventType "swiss"]
[EventCountry "RUS"]
[SourceTitle "playchess.com"]
[Source "ChessBase"]
[SourceQuality "1"]

{[%evp 20,46,34,32,38,30,48,33,43,33,38,35,54,45,44,9,0,20,53,52,56,42,84,81,104,97,93,73,79]} 1. Nf3 c5 2. e3 Nf6 3. d4 e6 4. c4 d5 5. cxd5 exd5 6. Bb5+ Bd7 7. Bxd7+ Nbxd7 {[%cal Bb8d7,Bd7c5,Bc5e4][%mdl 32]} 8. dxc5 Nxc5 9. O-O Be7 10. Nc3 O-O 11. b3 Nce4 {D30: Queen's Gambit Declined: Systems without Nc3} 12. Ne2 Rc8 (12... Qa5 13. Bb2 Ba3 14. Bxa3 Qxa3 15. Qc1 Qa6 16. Qb2 Rac8 17. Nfd4 Rc7 18. Rac1 Rfc8 19. a4 {1-0 (60) Aronian,L (2780)-Caruana,F (2805) Stavanger 2015}) 13. Bb2 Bd6 {White is slightly better.} 14. h3 $146 ({Predecessor:} 14. Nfd4 Ng4 15. Nf4 Qg5 16. h3 Ngf6 17. Nf3 Qf5 18. Nd4 Qe5 19. f3 {0-1 (28) Exler,V-Matushkina,L (2266) ICCF email 2011}) 14... a6 15. Qd3 Qe7 16. Rad1 Rfd8 17. Nfd4 Qe5 {[%csl Gd6][%cal Re5h2] [#]} 18. g3 Qh5 19. Kg2 $1 Re8 20. Nf4 Bxf4 21. exf4 {White is better.} Nc5 22. Qf5 Qg6 23. Rfe1 Ne6 1/2-1/2

[Event "22nd Alekhine Master 2018"]
[Site "Voronezh"]
[Date "2018.06.16"]
[Round "5"]
[White "Tsydypov, Zhamsaran"]
[Black "Gubajdullin, Alexei"]
[Result "0-1"]
[WhiteElo "2522"]
[BlackElo "2375"]
[Annotator "TA"]
[PlyCount "76"]
[EventDate "2018.06.21"]
[EventType "swiss"]
[EventCountry "RUS"]
[SourceTitle "playchess.com"]
[Source "ChessBase"]
[SourceQuality "1"]

{[%evp 22,76,0,0,31,22,25,-18,25,0,0,8,23,18,18,14,18,0,0,0,0,0,0,-23,0,-6,-15,-15,-9,-46,-27,-29,-31,-81,-93,-801,-916,-874,-874,-830,-1081,-1070,-1057,-1004,-1037,-1009,-1009,-990,-977,-969,-927,-1131,-1036,-974,-752,-1393,-1185]} 1. e4 c6 2. d4 d5 3. Nc3 dxe4 4. Nxe4 Bf5 5. Ng3 Bg6 6. Nf3 Nd7 7. h4 {[%cal Bh2h4,Bh4h5][%mdl 32]} h6 8. h5 Bh7 9. Bd3 Bxd3 10. Qxd3 Ngf6 11. Bd2 e6 12. O-O-O Qc7 {B19: Classical Caro-Kann: 4...Bf5 main line} 13. Qe2 Be7 14. Ne5 O-O {The position is equal.} 15. Kb1 Rfe8 16. Rhe1 {[#] Black should prevent Nxf7!} Bf8 $146 ({Predecessor:} 16... Bd6) 17. Qf3 c5 18. Nxd7 Nxd7 19. Bc3 b5 20. d5 exd5 21. Qxd5 Nb6 {[%cal Bd7b6,Bb6d5,Bd5c3][%mdl 32]} 22. Qf5 Rxe1 23. Rxe1 b4 24. Bd2 Qc6 25. f3 c4 {White must now prevent ...c3.} 26. Qe4 Nd5 $36 {[%mdl 2048] Black is pushing.} 27. Bc1 Rb8 28. Qd4 $2 {[%mdl 8192] [#]} (28. Ka1 $17) 28... Nc3+ $1 $19 {[%mdl 512] Black is clearly winning.} 29. Ka1 {[#]} (29. bxc3 bxc3+) 29... Nxa2 $1 {Threatens to win with ...Nc3!} 30. Bf4 {[#]} Nc3 $1 {[%mdl 512]} 31. bxc3 Qa4+ 32. Kb1 bxc3+ 33. Bxb8 Qa3 {[%csl Gc3][%cal Ra3b2]} 34. Qxc3 Qxc3 35. Re8 Kh7 36. Ne4 Qb4+ 37. Kc1 c3 {( -> ...Qd4)} 38. Be5 Qa4 {Precision: White = 32%, Black = 75%.} 0-1

[Event "22nd Alekhine Master 2018"]
[Site "Voronezh"]
[Date "2018.06.16"]
[Round "5"]
[White "Demidov, Mikhail"]
[Black "Drygalov, Andrey"]
[Result "*"]
[WhiteElo "2513"]
[BlackElo "2435"]
[Annotator "TA RC"]
[PlyCount "99"]
[EventDate "2018.06.21"]
[EventType "swiss"]
[EventCountry "RUS"]
[SourceTitle "playchess.com"]
[Source "ChessBase"]
[SourceQuality "1"]

{[%evp 15,99,10,37,-3,37,29,49,43,47,40,58,40,35,33,66,42,43,37,60,35,56,44,52,-34,0,0,89,100,81,41,41,34,39,42,41,46,83,86,86,86,84,89,87,83,84,73,78,75,50,50,56,67,156,68,438,438,429,429,429,429,429,429,427,421,671,651,12804,796,1575,1110,12833,12834,12834,12831,12837,12836,12838,12838,12839,12838,12839,12839,12840,12840,12840,12840]} 1. e4 e5 2. Nf3 Nc6 3. Bb5 {[%cal Bf1b5,Bb5a4,Ba4b3][%mdl 32]} a6 4. Ba4 Nf6 5. O-O Be7 6. d3 b5 7. Bb3 O-O 8. a4 Bb7 {LiveBook: 246 Games} 9. Na3 {C84: Closed Ruy Lopez: Unusual White 6th moves} (9. Re1 d6 10. Nbd2 Qd7 11. Nf1 Nd8 12. Ng3 Ne6 13. Nf5 Bd8 14. Ng5 Nxg5 15. Bxg5 g6 16. Ne3 Ng4 17. Bxd8 Nxe3 18. Rxe3 Raxd8 19. axb5 axb5 {½-½ (29) Svidler,P (2760)-Efimenko,Z (2636) Germany 2018}) 9... h6 $146 ({Predecessor:} 9... d5 10. exd5 Nxd5 11. Bd2 Bf6 12. axb5 axb5 13. Nxb5 Rxa1 14. Qxa1 Nf4 15. Bxf4 exf4 16. Nc3 g5 {1-0 (31) Schoene,M (2197)-Vrbova,N (2225) Olbia 2008}) 10. Bd2 b4 11. Nc4 {White is slightly better.} d6 12. Ne3 Re8 13. c3 bxc3 14. bxc3 {Threatens to win with Bxf7+!} Rb8 15. Rb1 Bf8 16. Qc2 Qd7 17. Nc4 a5 18. Rfe1 Ba6 19. d4 (19. Ne3 $14) 19... exd4 20. cxd4 Nb4 (20... Nxe4 $11 21. Rxe4 Rxe4 22. Qxe4 Bxc4 23. Bxc4 d5) 21. Bxb4 $1 $16 axb4 22. Rbc1 Bb7 {[%cal Rb7e4]} 23. d5 c5 24. dxc6 Qxc6 {[%cal Rf6e4]} 25. e5 d5 {[#]} 26. Na5 $1 {[%cal Ra5c6]} ({Of course not} 26. exf6 $6 Rxe1+ 27. Rxe1 dxc4 $15) 26... Qxc2 27. Rxc2 Nd7 28. Nxb7 Rxb7 29. Bxd5 Ra7 30. e6 $36 {[%mdl 2048] White is in control.} fxe6 31. Rxe6 Rxe6 32. Bxe6+ Kh7 33. Rc8 Be7 (33... Rxa4 $14 34. Kf1 Nc5 35. Bf5+ (35. Rxf8 Nxe6 36. Rf5 Ra2 $17) 35... g6) 34. h4 (34. Bg8+ $16 Kg6 35. g3) 34... Nc5 $2 {[%mdl 8192] [#]} ({Black should play} 34... g6 $14) 35. Bg8+ $18 {White is clearly winning.} Kg6 36. Ne5+ Kf6 37. Nc6 $1 {[%csl LRa7,LRb4]} Rxa4 38. Nxe7 Kxe7 39. Rxc5 {[%mdl 4096] Endgame KRB-KR} b3 (39... Kd6 $142) 40. Bxb3 Rxh4 41. Rf5 g5 42. Rf7+ Ke8 43. Rh7 Rb4 44. Bd5 Rb6 45. Kh2 Rd6 46. Be4 Re6 47. f3 Kf8 48. Kg3 Rf6 49. Kg4 Kg8 50. Kh5 {Precision: White = 41%, Black = 29%.} *